Surface Pressure-Jessica Darrow (Encanto) - Statistics

General Stats
  • This quiz has been taken 1,070 times
  • The average score is 318 of 447
Answer Stats
Answer % Correct
I
98%
i
98%
the
96%
a
95%
I'm
93%
strong
93%
no
92%
on
92%
to
91%
who
91%
one
90%
is
89%
not
88%
surface
88%
as
87%
of
86%
pressure
86%
under
86%
and
85%
go
85%
nervous
85%
dont
84%
don't
84%
what
84%
earth
83%
yo
83%
it
82%
tough
82%
if
81%
crust
80%
like
80%
you
80%
break
79%
can
79%
sister
79%
know
78%
my
78%
worth
78%
her
77%
be
76%
but
76%
drip
76%
how
76%
in
76%
mountains
76%
move
76%
your
76%
give
75%
can't
74%
churches
74%
never
74%
stop
74%
that
74%
ask
73%
cause
73%
whoa
73%
hard
72%
all
71%
am
71%
ever
71%
we
71%
Hercules
70%
pop
70%
til
70%
work
70%
fight
69%
just
69%
take
68%
breaks
67%
glow
67%
tip
67%
she
66%
wanna
66%
circus
64%
diamonds
64%
feel
64%
older
64%
sisters
64%
was
64%
blow
63%
crack
63%
its
63%
it's
63%
Cerberus
62%
see
62%
tick
62%
camels
61%
platinum
61%
stronger
61%
three
61%
back
60%
fall
60%
ring
59%
that'll
59%
whats
59%
worthless
59%
em
58%
find
58%
flatten
58%
or
58%
ready
58%
service
58%
shoulder
58%
got
57%
heavy
57%
let
56%
longer
56%
tightrope
56%
won't
56%
handed
55%
pretty
55%
sure
55%
wait
55%
carry
54%
hurt
54%
little
54%
rough
54%
things
54%
walker
54%
could
50%
doesn't
50%
growing
50%
some
50%
weight
50%
mistakes
49%
this
49%
falter
48%
hang
48%
indestructible
48%
shake
48%
with
48%
would
48%
iceberg
47%
keep
47%
ball
46%
joy
46%
relaxation
46%
stack
46%
crushing
45%
family
45%
run
44%
ship
44%
straw
44%
burden
43%
grip
43%
us
43%
big
42%
flaw
42%
up
42%
for
41%
going
41%
handle
41%
simple
41%
expectations
40%
have
40%
measure
40%
pleasure
40%
gonna
39%
swerve
39%
keeps
38%
worry
38%
every
37%
something
37%
berserk
36%
goes
36%
nerves
36%
room
36%
free
35%
oh
35%
think
35%
wonder
35%
cracks
34%
dominoes
34%
instead
34%
purpose
34%
takes
34%
wind
34%
try
33%
about
32%
bends
32%
blows
32%
heard
32%
light
32%
line
32%
watch
32%
preserve
31%
somehow
30%
same
29%
pulled
28%
worsens
28%
buckles
26%
would've
25%
hide
20%
demanding
18%
tumbling
18%
No matching quizzes found
Score Distribution
Percent of People with Each Score
Percentile by Number Answered
Your Score History
You have not taken this quiz